NFL Teams Whose Colors Aren't Red or Blue - Statistics

General Stats
  • This quiz has been taken 532 times
  • The average score is 9 of 11
Answer Stats
Answer % Correct
Packers
92%
Jets
91%
Browns
90%
Vikings
90%
Bengals
89%
Raiders
87%
Ravens
86%
Saints
85%
Eagles
84%
Steelers
82%
Dolphins
69%
No matching quizzes found
Score Distribution
Percent of People with Each Score
Percentile by Number Answered
Your Score History
You have not taken this quiz